| 000 | 00949nam a22002057a 4500 | ||
|---|---|---|---|
| 003 | OSt | ||
| 005 | 20170428115025.0 | ||
| 008 | 150407b xxu||||| |||| 00| 0 eng d | ||
| 040 | _cCRI | ||
| 082 | _a372.7 | ||
| 100 |
_941125 _aZavala Chopin, Juan Santos |
||
| 245 | 1 | 0 |
_aDesarrollo de guiones de clase de Matemática:Unidad 7 de primer año y unidad 9 de segundo año de educación media _b: Proyecto _cJuan Santos Zavala Chopin, Ana Lilian Urias Escamilla |
| 260 |
_aIlobasco (Cabañas) _bUniversidad Católica de El Salvador _c2014 |
||
| 300 |
_a141 p. _c27 cm _e+ 1 disco compacto |
||
| 502 | _aTrabajo de graduación para optar al grado académico de Licenciado/a en Ciencias de la Educación Especialidad en Matemática | ||
| 650 | 0 |
_97302 _aMatemáticas _xDidáctica |
|
| 700 |
_941126 _aUrias de Escamilla, Ana Lilian |
||
| 710 |
_940915 _aUniversidad Católica de El Salvador _bCentro Regional de Ilobasco |
||
| 942 |
_2ddc _cTG _hprozim |
||
| 999 |
_c27603 _d27603 |
||